00321nam a22001337a 4500003000400000082001700004100003100021245003200052250000800084260004300092300000800135650001300143653003100156SGT a615.53bS15A aAACHARYA, SHREE RAM SHARMA aSODASH SANSKAR VIVECHANA-33 a1ST aMATHURAb AAKHAND JYOTI SANSTHANc2015 a368 aAYURVEDA aSODASH, SANSKAR, VIVECHANA